Statistics for Biggest Cities of the German Lost Eastern Territories with a Map

Click here to take the quiz!

General Stats

  • This quiz has been taken 291 times
  • The average score is 12 of 35

Answers on the Map

Answers color-coded by a green-red scale on the quiz's map according to % correct below.
 

Answer Stats

PopulationCities% Correct
159,685Danzig
(Gdańsk)
96%
220,212Königsberg
(Kaliningrad)
94%
470,751Breslau
(Wrocław)
83%
137,067Posen
(Poznań)
79%
224,078Stettin
(Szczecin)
78%
20,687Memel
(Klaipėda)
68%
35,725Kattowitz
(Katowice)
64%
30,769Oppeln
(Opole)
43%
54,235Bromberg
(Bydgoszcz)
40%
31,928Thorn
(Toruń)
38%
55,657Elbing
(Elbląg)
35%
27,394Allenstein
(Olsztyn)
32%
61,297Gleiwitz
(Gliwice)
32%
21,631Grünberg in Schlesien
(Zielona Góra)
28%
59,710Liegnitz
(Legnica)
28%
60,059Beuthen in Oberschlesien
(Bytom)
25%
66,069Königshutte
(Chorzów)
25%
22,864Kolberg
(Kolobrzeg)
24%
36,933Landsberg an der Warthe
(Gorzów Wielkopolski)
24%
31,160Stolp
(Słupsk)
24%
21,474Köslin
(Koszalin)
23%
23,461Glogau
(Głogów)
21%
26,908Stargard in Pommern
(Stargard)
21%
37,110Tilsit
(Sovetsk)
21%
23,727Gnesen
(Gniezno)
20%
21,622Schneidemühl
(Piła)
19%
24,551Hohensalza
(Inowrocław)
18%
27,486Brieg
(Brzeg)
17%
35,998Graudenz
(Grudziądz)
15%
25,313Neisse
(Nysa)
15%
32,749Ratibor
(Racibórz)
15%
36,666Guben
(Gubin)
12%
30,539Schweidnitz
(Świdnica)
12%
20,187Neustadt in Oberschlesien
(Prudnik)
11%
28,902Insterburg
(Chernyakhovsk)
10%

Score Distribution

Percentile by Number Answered

Percent of People with Each Score

Your Score History

You have not taken this quiz